| 000 | 00714nam a2200145Ia 4500 | ||
|---|---|---|---|
| 008 | 231221s9999 xx 000 0 und d | ||
| 041 | _aEnglish | ||
| 082 | _aCPEC15-1086 | ||
| 100 | _aManoj, L. Mahadevan, V. Sibil Kumar, T B. | ||
| 245 | 0 | _aDigital Beam Steering And Timing Controller For X-Band Phased Array Radar | |
| 260 | _c2015 | ||
| 500 | _aDigital Beam Steering And Timing Controller For X-Band Phased Array Radar Manoj L Mahadevan V Sibil Kumar T B Department of TCE, PESIT Scientist, LRDE, DRDO, Bangalore, India International Radar Symposium, NIMHANS, Bangalore, 17-19 Dec 2015. | ||
| 650 | _aDigital,Beam,Steering,Timing,Controller, X-Ban, Phase, Arra, Radar | ||
| 942 | _cIR | ||
| 999 |
_c233611 _d233611 |
||